000 00702nam a2200229Ia 4500
003 OSt
005 20220926022310.0
006 a|||||r|||| 00| 0
007 ta
008 220923b |||||||| |||| 00| 0 eng d
037 _cGeneral Book
040 _aRTL
_cRTL
_beng
041 _2eng
_aeng
082 _aV1N45,93:3.N84r, M5.3/UN
110 _aUnited Nations,General assembly
_999298
245 0 _aReport of the economic and the social council
260 _aNew York
_bUnited Nations Publication
_c1985
300 _aviii;89p
_ccm.
700 _aUnited Nations,General assembly
_999299
942 _hV1N45,93:3.N84r, M5.3/UN
_cGB
_2CC
999 _c639140
_d639140